[Event "DSJ Weihnachtsturnier U16: Steinitz 2020"]
[Site ""]
[Date "2020.12.28"]
[Round "5"]
[White "Rogalski, Niclas"]
[Black "Kluge, Malte"]
[Result "0-1"]
[Termination "normal"]
[Board "4.3"]
[WhiteElo "1353"]
[BlackElo "1652"]
[WhiteTeam "SK Blauer Springer Paderborn 1926"]
[BlackTeam "SF 59 Kornwestheim"]
[PlyCount "56"]
[WhiteFideId "34640320"]
[BlackFideId "16243838"]
[EventRounds "7"]
[EventType "team-swiss"]
[EventDate "2020.12.28"]

1. e4 {[%emt 0:00:06]} c5 {[%emt 0:00:03]} 2. d4 {[%emt 0:00:04]} cxd4 { [%emt
0:00:05]} 3. c3 {[%emt 0:00:02]} Nf6 {[%emt 0:00:03]} 4. e5 {[%emt 0:00:07]}
Nd5 {[%emt 0:00:02]} 5. cxd4 {[%emt 0:00:04]} Nc6 {[%emt 0:00:01]} 6. Bc4
{[%emt 0:00:03]} Nb6 {[%emt 0:00:02]} 7. Bb3 {[%emt 0:00:09]} d5 {[%emt
0:00:02]} 8. h3 {[%emt 0:00:12]} Bf5 {[%emt 0:00:09]} 9. Nc3 {[%emt 0:00:09]}
e6 { [%emt 0:00:04]} 10. Nf3 {[%emt 0:00:08]} Bb4 {[%emt 0:00:05]} 11. Bd2
{[%emt 0:00:05]} O-O {[%emt 0:00:14]} 12. O-O {[%emt 0:00:13]} Na5 {[%emt
0:01:12]} 13. Rc1 {[%emt 0:00:22]} Nac4 {[%emt 0:00:21]} 14. Bxc4 {[%emt
0:00:23]} Nxc4 { [%emt 0:00:06]} 15. b3 {[%emt 0:00:10]} Nb2 {[%emt 0:00:12]}
16. Qe1 {[%emt 0:00:35]} Nd3 {[%emt 0:00:04]} 17. Qd1 {[%emt 0:00:08]} Nxc1
{[%emt 0:00:04]} 18. Qxc1 {[%emt 0:00:05]} Rc8 {[%emt 0:00:06]} 19. Qb2 {[%emt
0:00:40]} Qa5 { [%emt 0:00:56]} 20. Rc1 {[%emt 0:00:17]} Ba3 {[%emt 0:00:28]}
21. Qa1 {[%emt 0:00:28]} Bxc1 {[%emt 0:00:06]} 22. Qxc1 {[%emt 0:00:03]} Qa6
{[%emt 0:00:39]} 23. Qb2 {[%emt 0:00:14]} b5 {[%emt 0:00:23]} 24. Nh4 {[%emt
0:00:30]} Bd3 { [%emt 0:00:24]} 25. Be3 {[%emt 0:00:35]} b4 {[%emt 0:00:07]}
26. Na4 {[%emt 0:00:10]} Rc2 {[%emt 0:00:24]} 27. Qa1 {[%emt 0:00:22]} Rfc8
{[%emt 0:00:20]} 28. Nc5 {[%emt 0:00:09]} Rxa2 {[%emt 0:00:35]} 0-1

[Event "DSJ Weihnachtsturnier U16: Steinitz 2020"]
[Site ""]
[Date "2020.12.28"]
[Round "5"]
[White "Afonso, Phil"]
[Black "Klerx, Philipp"]
[Result "1-0"]
[Termination "normal"]
[Board "4.4"]
[WhiteElo "1542"]
[BlackElo "1253"]
[WhiteTeam "SF 59 Kornwestheim"]
[BlackTeam "SK Blauer Springer Paderborn 1926"]
[PlyCount "53"]
[WhiteFideId "16207475"]
[BlackFideId "34640274"]
[EventRounds "7"]
[EventType "team-swiss"]
[EventDate "2020.12.28"]

1. e4 {[%emt 0:00:03]} e5 {[%emt 0:00:04]} 2. Nf3 {[%emt 0:00:03]} Nc6 { [%emt
0:00:07]} 3. Bc4 {[%emt 0:00:03]} Bc5 {[%emt 0:00:05]} 4. c3 {[%emt 0:00:03]}
Nf6 {[%emt 0:00:02]} 5. d3 {[%emt 0:00:02]} d6 {[%emt 0:00:05]} 6. O-O { [%emt
0:00:05]} Bg4 {[%emt 0:00:02]} 7. Nbd2 {[%emt 0:00:03]} O-O {[%emt 0:00:08]} 8.
h3 {[%emt 0:00:07]} Bh5 {[%emt 0:00:03]} 9. Re1 {[%emt 0:00:15]} a6 { [%emt
0:00:11]} 10. Nf1 {[%emt 0:00:05]} b5 {[%emt 0:00:10]} 11. Bb3 {[%emt 0:00:10]}
b4 {[%emt 0:00:10]} 12. Ng3 {[%emt 0:00:10]} Bxf3 {[%emt 0:00:12]} 13. Qxf3
{[%emt 0:00:04]} bxc3 {[%emt 0:00:01]} 14. bxc3 {[%emt 0:00:01]} a5 { [%emt
0:00:04]} 15. Nf5 {[%emt 0:00:03]} a4 {[%emt 0:00:25]} 16. Bc2 {[%emt 0:00:46]}
g6 {[%emt 0:00:20] Paderb2-004 reconnected.} 17. Bh6 {[%emt 0:00:33]} Re8
{[%emt 0:00:15] Paderb2-004 reconnected.} 18. Bd1 {[%emt 0:01:43]} Ba3 { [%emt
0:00:19] Paderb2-004 reconnected.} 19. Rb1 {[%emt 0:00:17] Paderb2-004
reconnected.} Bc5 {[%emt 0:00:20]} 20. Qg3 {[%emt 0:00:15]} Nh5 {[%emt 0:00:05]
} 21. Bxh5 {[%emt 0:00:07]} Kh8 {[%emt 0:00:06] Paderb2-004 reconnected.} 22.
Bg5 {[%emt 0:00:53] Paderb2-004 reconnected.} Qd7 {[%emt 0:00:11]} 23. Bf6+ {
[%emt 0:00:13]} Kg8 {[%emt 0:00:08]} 24. Bg7 {[%emt 0:01:11]} Bb6 {[%emt
0:00:23]} 25. Qg5 {[%emt 0:00:12]} Ba5 {[%emt 0:00:09]} 26. Qf6 {[%emt
0:00:14]} d5 {[%emt 0:00:10]} 27. Nh6# {[%emt 0:00:05]} 1-0

[Event "DSJ Weihnachtsturnier U16: Steinitz 2020"]
[Site ""]
[Date "2020.12.28"]
[Round "5"]
[White "Werner, Rosalie"]
[Black "Mehlhorn, David"]
[Result "0-1"]
[Termination "normal"]
[Board "5.1"]
[WhiteElo "1751"]
[BlackElo "1557"]
[WhiteTeam "VSG 1880 Offenbach"]
[BlackTeam "SGem Aschheim/Feldkirchen/Kirchheim"]
[PlyCount "110"]
[WhiteFideId "16223748"]
[BlackFideId "34607757"]
[EventRounds "7"]
[EventType "team-swiss"]
[EventDate "2020.12.28"]

1. e4 {[%emt 0:00:03]} c5 {[%emt 0:00:01]} 2. Nf3 {[%emt 0:00:06]} Nc6 { [%emt
0:00:01]} 3. d4 {[%emt 0:00:02]} cxd4 {[%emt 0:00:00]} 4. Nxd4 {[%emt 0:00:02]}
e5 {[%emt 0:00:01]} 5. Nb5 {[%emt 0:00:02]} a6 {[%emt 0:00:00]} 6. Nd6+ {[%emt
0:00:11]} Bxd6 {[%emt 0:00:01]} 7. Qxd6 {[%emt 0:00:01]} Qe7 {[%emt 0:00:00]}
8. Qd1 {[%emt 0:00:29]} d6 {[%emt 0:00:03]} 9. Nc3 {[%emt 0:00:07]} Nf6 {[%emt
0:00:02]} 10. Be2 {[%emt 0:00:04]} Be6 {[%emt 0:00:03]} 11. Be3 { [%emt
0:00:06]} O-O {[%emt 0:00:03]} 12. O-O {[%emt 0:00:05]} Rac8 {[%emt 0:00:08]}
13. Bf3 {[%emt 0:00:14]} Qd8 {[%emt 0:01:04]} 14. a4 {[%emt 0:00:59]} h6 {
[%emt 0:00:03]} 15. Re1 {[%emt 0:00:05]} Ne7 {[%emt 0:00:08]} 16. a5 {[%emt
0:00:14]} Qc7 {[%emt 0:00:16]} 17. Bb6 {[%emt 0:00:15]} Qc6 {[%emt 0:00:13]}
18. Qd2 {[%emt 0:00:15]} Nd7 {[%emt 0:00:08]} 19. Rad1 {[%emt 0:00:13]} Nxb6 {
[%emt 0:00:13]} 20. axb6 {[%emt 0:00:17]} Qxb6 {[%emt 0:00:10]} 21. Qxd6 {
[%emt 0:00:07]} Qxb2 {[%emt 0:00:08]} 22. Qxe7 {[%emt 0:00:54]} Qxc3 {[%emt
0:00:12]} 23. Qxb7 {[%emt 0:00:07]} Bc4 {[%emt 0:00:18]} 24. Qb1 {[%emt
0:00:25] Offenba3-001 reconnected. Offenba3-001 reconnected.} Bb5 {[%emt
0:00:44]} 25. Be2 {[%emt 0:00:11]} Ba4 {[%emt 0:00:34]} 26. Bxa6 {[%emt
0:00:25]} Bxc2 { [%emt 0:00:20]} 27. Qa1 {[%emt 0:00:03]} Bxd1 {[%emt 0:00:14]}
28. Qxd1 { [%emt 0:00:19]} Rcd8 {[%emt 0:00:08]} 29. Qe2 {[%emt 0:00:14]} Rd2
{[%emt 0:00:16]} 30. Qf1 {[%emt 0:00:02]} Ra8 {[%emt 0:00:13]} 31. Bb7 {[%emt
0:00:06]} Raa2 {[%emt 0:00:03]} 32. Bd5 {[%emt 0:00:16]} Rab2 {[%emt 0:00:19]}
33. h3 { [%emt 0:00:17]} Qd4 {[%emt 0:00:06]} 34. Re3 {[%emt 0:01:30]} Rd1
{[%emt 0:00:03]} 35. Re1 {[%emt 0:00:04]} Rbb1 {[%emt 0:00:01]} 36. Kh2 {[%emt
0:00:24]} Rxe1 {[%emt 0:00:04]} 37. Qa6 {[%emt 0:00:02]} Qxf2 {[%emt 0:00:19]}
38. Qc8+ { [%emt 0:00:13]} Kh7 {[%emt 0:00:03]} 39. Qf5+ {[%emt 0:00:19]} Qxf5
{[%emt 0:00:03]} 40. exf5 {[%emt 0:00:02]} f6 {[%emt 0:00:03]} 41. Be6 {[%emt
0:00:10]} Rf1 {[%emt 0:00:11]} 42. Kg3 {[%emt 0:00:06]} Rb6 {[%emt 0:00:06]}
43. Bd5 { [%emt 0:00:09]} Rxf5 {[%emt 0:00:06]} 44. Be4 {[%emt 0:00:02]} Kg6
{[%emt 0:00:03]} 45. h4 {[%emt 0:00:20]} h5 {[%emt 0:00:07]} 46. Kh2 {[%emt
0:00:28]} Rb4 { [%emt 0:00:04]} 47. Bc2 {[%emt 0:00:21]} Rxh4+ {[%emt 0:00:03]}
48. Kg3 { [%emt 0:00:01]} Rg4+ {[%emt 0:00:02]} 49. Kh3 {[%emt 0:00:02]} Kg5
{[%emt 0:00:02]} 50. g3 {[%emt 0:00:02]} Rf3 {[%emt 0:00:06]} 51. Bf5 {[%emt
0:00:02]} Rxf5 {[%emt 0:00:05]} 52. Kh2 {[%emt 0:00:01]} Rf3 {[%emt 0:00:07]}
53. Kg2 { [%emt 0:00:04]} Rfxg3+ {[%emt 0:00:03]} 54. Kh2 {[%emt 0:00:02]} e4
{[%emt 0:00:04]} 55. Kh1 {[%emt 0:00:02]} Rh4# {[%emt 0:00:00]} 0-1

[Event "DSJ Weihnachtsturnier U16: Steinitz 2020"]
[Site ""]
[Date "2020.12.28"]
[Round "5"]
[White "Centgraf, Andra's"]
[Black "Werner, Florin"]
[Result "1-0"]
[Termination "normal"]
[Board "5.2"]
[WhiteElo "1415"]
[BlackElo "1533"]
[WhiteTeam "SGem Aschheim/Feldkirchen/Kirchheim"]
[BlackTeam "VSG 1880 Offenbach"]
[PlyCount "93"]
[WhiteFideId "34611177"]
[BlackFideId "16250230"]
[EventRounds "7"]
[EventType "team-swiss"]
[EventDate "2020.12.28"]

1. c4 {[%emt 0:00:09]} c5 {[%emt 0:00:03]} 2. Nc3 {[%emt 0:00:01]} Nc6 { [%emt
0:00:05]} 3. g3 {[%emt 0:00:01]} g6 {[%emt 0:00:32]} 4. Bg2 {[%emt 0:00:09]}
Bg7 {[%emt 0:00:21]} 5. Nf3 {[%emt 0:00:03]} e6 {[%emt 0:00:04]} 6. O-O { [%emt
0:00:01]} Nge7 {[%emt 0:00:15]} 7. d4 {[%emt 0:00:04]} cxd4 {[%emt 0:00:03]} 8.
Nb5 {[%emt 0:00:15]} d5 {[%emt 0:00:05]} 9. Nfxd4 {[%emt 0:00:44]} Nxd4 {[%emt
0:00:06]} 10. Nxd4 {[%emt 0:00:03]} O-O {[%emt 0:00:11]} 11. Nb5 { [%emt
0:00:10]} a6 {[%emt 0:00:05]} 12. Na3 {[%emt 0:00:04]} Qd6 {[%emt 0:00:22]} 13.
cxd5 {[%emt 0:00:07]} exd5 {[%emt 0:00:03]} 14. Nc2 {[%emt 0:00:05]} Bf5 {[%emt
0:00:07]} 15. Bf4 {[%emt 0:00:16]} Qd7 {[%emt 0:00:05]} 16. Rc1 { [%emt
0:00:59]} Rfd8 {[%emt 0:00:08]} 17. Ne3 {[%emt 0:00:06]} Be6 {[%emt 0:00:06]}
18. Rc7 {[%emt 0:00:06]} Qe8 {[%emt 0:00:09]} 19. Qd2 {[%emt 0:00:08]} d4
{[%emt 0:00:24]} 20. Nc2 {[%emt 0:00:10]} Nd5 {[%emt 0:00:30]} 21. Rxb7 { [%emt
0:00:14]} Nxf4 {[%emt 0:00:15]} 22. Qxf4 {[%emt 0:00:01]} Rac8 {[%emt 0:00:05]}
23. Ne1 {[%emt 0:00:12]} Bxa2 {[%emt 0:00:30]} 24. Nd3 {[%emt 0:00:39]} Qxe2
{[%emt 0:00:16]} 25. Nb4 {[%emt 0:00:17]} Be6 {[%emt 0:00:13]} 26. Nc6 { [%emt
0:00:07]} Re8 {[%emt 0:00:13]} 27. Bf3 {[%emt 0:00:04]} Qc2 {[%emt 0:00:27]}
28. Rc1 {[%emt 0:00:05]} Qd3 {[%emt 0:00:25]} 29. Ne7+ {[%emt 0:00:07]} Rxe7
{[%emt 0:00:05]} 30. Rxc8+ {[%emt 0:00:41]} Bxc8 {[%emt 0:00:05]} 31. Rxe7
{[%emt 0:00:01]} Be6 {[%emt 0:00:06]} 32. Re8+ {[%emt 0:00:07]} Bf8 {[%emt
0:00:04]} 33. Qd6 {[%emt 0:00:05]} Kg7 {[%emt 0:00:15]} 34. Qxf8+ {[%emt
0:00:03] } Kf6 {[%emt 0:00:02]} 35. Qe7+ {[%emt 0:00:06]} Kg7 {[%emt 0:00:05]}
36. Qf8+ {[%emt 0:00:26]} Kf6 {[%emt 0:00:08]} 37. Qh8+ {[%emt 0:00:01]} Kf5
{[%emt 0:00:04]} 38. Kg2 {[%emt 0:00:18]} Qb5 {[%emt 0:00:11]} 39. Rxe6 {[%emt
0:00:38]} Kxe6 {[%emt 0:00:07]} 40. Qc8+ {[%emt 0:00:06]} Ke7 {[%emt 0:00:15]}
41. Bc6 { [%emt 0:00:02]} Qxb2 {[%emt 0:00:10]} 42. Qc7+ {[%emt 0:00:05]} Kf6
{[%emt 0:00:02]} 43. h4 {[%emt 0:00:13]} d3 {[%emt 0:00:05]} 44. Bd5 {[%emt
0:00:08]} d2 {[%emt 0:00:15]} 45. Qxf7+ {[%emt 0:00:19]} Ke5 {[%emt 0:00:04]}
46. Bb3 { [%emt 0:00:02]} Qc1 {[%emt 0:00:20]} 47. Qf4# {[%emt 0:00:09]} 1-0

[Event "DSJ Weihnachtsturnier U16: Steinitz 2020"]
[Site ""]
[Date "2020.12.28"]
[Round "5"]
[White "Bergmann, Lennart"]
[Black "Müller, Fabian"]
[Result "0-1"]
[Termination "normal"]
[Board "5.3"]
[WhiteElo "1505"]
[BlackElo "1205"]
[WhiteTeam "VSG 1880 Offenbach"]
[BlackTeam "SGem Aschheim/Feldkirchen/Kirchheim"]
[PlyCount "154"]
[WhiteFideId "16270657"]
[BlackFideId "34607846"]
[EventRounds "7"]
[EventType "team-swiss"]
[EventDate "2020.12.28"]

1. e4 {[%emt 0:00:09]} e6 {[%emt 0:00:01]} 2. d3 {[%emt 0:00:05]} d5 {[%emt
0:00:01]} 3. Nc3 {[%emt 0:00:02]} c5 {[%emt 0:00:03] Offenba3-003 reconnected.}
4. Nf3 {[%emt 0:00:23]} Nc6 {[%emt 0:00:05]} 5. g3 {[%emt 0:00:03]} Nf6 { [%emt
0:00:02]} 6. Bg2 {[%emt 0:00:07]} dxe4 {[%emt 0:00:02]} 7. Nxe4 {[%emt
0:00:18]} Nxe4 {[%emt 0:00:02]} 8. dxe4 {[%emt 0:00:00]} Qxd1+ {[%emt 0:00:03]}
9. Kxd1 {[%emt 0:00:00]} Be7 {[%emt 0:00:04]} 10. Be3 {[%emt 0:00:07]} b6 {
[%emt 0:00:03]} 11. c3 {[%emt 0:00:02]} Bb7 {[%emt 0:00:02]} 12. Kc2 {[%emt
0:00:13]} O-O {[%emt 0:00:06]} 13. Nd2 {[%emt 0:00:11]} Ne5 {[%emt 0:00:13]}
14. f4 {[%emt 0:00:11]} Ng6 {[%emt 0:00:13]} 15. Rhg1 {[%emt 0:00:53]} Bd6 {
[%emt 0:00:50]} 16. e5 {[%emt 0:00:19]} Bxg2 {[%emt 0:00:06]} 17. Rxg2 { [%emt
0:00:06]} Bc7 {[%emt 0:00:06]} 18. Ne4 {[%emt 0:00:18]} Rfd8 {[%emt 0:00:17]}
19. h4 {[%emt 0:00:23]} Ne7 {[%emt 0:00:06]} 20. g4 {[%emt 0:00:28]} h6 { [%emt
0:00:23]} 21. c4 {[%emt 0:01:29]} Rd7 {[%emt 0:00:37]} 22. Rd2 {[%emt 0:01:01]}
Rxd2+ {[%emt 0:00:12]} 23. Bxd2 {[%emt 0:00:00]} Rd8 {[%emt 0:00:10]} 24. Be3
{[%emt 0:00:44]} Nc6 {[%emt 0:00:09]} 25. a3 {[%emt 0:00:25]} Nd4+ { [%emt
0:00:06]} 26. Bxd4 {[%emt 0:00:05]} Rxd4 {[%emt 0:00:02]} 27. Re1 { [%emt
0:00:05]} Rxc4+ {[%emt 0:00:10] Offenba3-003 reconnected.} 28. Kb3 { [%emt
0:00:27]} Rd4 {[%emt 0:00:08]} 29. Kc3 {[%emt 0:00:08]} Rd5 {[%emt 0:00:33]}
30. Re2 {[%emt 0:00:15]} Kf8 {[%emt 0:00:18]} 31. Rd2 {[%emt 0:00:29]} Rxd2
{[%emt 0:00:11]} 32. Nxd2 {[%emt 0:00:01]} Ke7 {[%emt 0:00:01]} 33. Kc4 { [%emt
0:00:02]} f6 {[%emt 0:00:04]} 34. Nf3 {[%emt 0:00:12]} fxe5 {[%emt 0:00:25]}
35. fxe5 {[%emt 0:00:09]} a6 {[%emt 0:00:13]} 36. a4 {[%emt 0:00:06]} Kd7
{[%emt 0:00:16]} 37. a5 {[%emt 0:00:22]} b5+ {[%emt 0:00:57]} 38. Kxc5 { [%emt
0:00:09]} Bxa5 {[%emt 0:00:01]} 39. b4 {[%emt 0:00:01]} Bc7 {[%emt 0:00:03]}
40. h5 {[%emt 0:00:16]} Bb8 {[%emt 0:00:15]} 41. Kb6 {[%emt 0:00:09]} Bc7+
{[%emt 0:01:33]} 42. Kxa6 {[%emt 0:00:03]} Kc6 {[%emt 0:00:01]} 43. Ka7 { [%emt
0:00:13]} Kd5 {[%emt 0:00:16]} 44. Ka6 {[%emt 0:00:06]} Kc4 {[%emt 0:00:02]}
45. Kb7 {[%emt 0:00:07]} Bd8 {[%emt 0:00:09]} 46. Kc6 {[%emt 0:00:06]} Kxb4
{[%emt 0:00:02]} 47. Kd7 {[%emt 0:00:01]} Bb6 {[%emt 0:00:13]} 48. Kxe6 { [%emt
0:00:01]} Bc5 {[%emt 0:00:02]} 49. Kd7 {[%emt 0:00:02]} Kc3 {[%emt 0:00:05]}
50. e6 {[%emt 0:00:02]} b4 {[%emt 0:00:01]} 51. Ne5 {[%emt 0:00:03]} b3 { [%emt
0:00:10]} 52. Nf7 {[%emt 0:00:07]} b2 {[%emt 0:00:02]} 53. Nd6 {[%emt 0:00:01]}
Bxd6 {[%emt 0:00:04]} 54. Kxd6 {[%emt 0:00:04]} b1=Q {[%emt 0:00:02]} 55. e7
{[%emt 0:00:00]} Qb8+ {[%emt 0:00:03]} 56. Kd7 {[%emt 0:00:01]} Qb5+ { [%emt
0:00:02]} 57. Kd8 {[%emt 0:00:01]} Qd5+ {[%emt 0:00:02]} 58. Ke8 { [%emt
0:00:03]} Kd4 {[%emt 0:00:03]} 59. Kf8 {[%emt 0:00:01]} Qd6 {[%emt 0:00:10]}
60. Kf7 {[%emt 0:00:02]} Qf6+ {[%emt 0:00:02]} 61. Ke8 {[%emt 0:00:03]} Ke5
{[%emt 0:00:04]} 62. Kd7 {[%emt 0:00:01]} Qf7 {[%emt 0:00:01]} 63. Kd8 { [%emt
0:00:02]} Qd5+ {[%emt 0:00:05]} 64. Kc8 {[%emt 0:00:02]} Qe6+ {[%emt 0:00:01]}
65. Kd8 {[%emt 0:00:01]} Qd6+ {[%emt 0:00:02]} 66. Ke8 {[%emt 0:00:02]} Ke6
{[%emt 0:00:03]} 67. Kf8 {[%emt 0:00:01]} Qxe7+ {[%emt 0:00:01]} 68. Kg8 {
[%emt 0:00:01]} Qg5 {[%emt 0:00:03]} 69. Kh7 {[%emt 0:00:02]} Qxg4 {[%emt
0:00:06]} 70. Kh8 {[%emt 0:00:02]} Qxh5 {[%emt 0:00:01]} 71. Kh7 {[%emt
0:00:02]} Qf5+ {[%emt 0:00:03]} 72. Kh8 {[%emt 0:00:02]} h5 {[%emt 0:00:06]}
73. Kg8 { [%emt 0:00:06]} Qf7+ {[%emt 0:00:06]} 74. Kh7 {[%emt 0:00:02]} h4
{[%emt 0:00:03]} 75. Kh8 {[%emt 0:00:01]} h3 {[%emt 0:00:01]} 76. Kh7 {[%emt
0:00:00]} h2 { [%emt 0:00:01]} 77. Kh8 {[%emt 0:00:01]} h1=R# {[%emt 0:00:02]}
0-1

[Event "DSJ Weihnachtsturnier U16: Steinitz 2020"]
[Site ""]
[Date "2020.12.28"]
[Round "5"]
[White "El Sewisy, Aiman"]
[Black "Dixon Quiroz, Laura Michaela"]
[Result "0-1"]
[Termination "normal"]
[Board "5.4"]
[WhiteElo "1039"]
[BlackElo "1304"]
[WhiteTeam "SGem Aschheim/Feldkirchen/Kirchheim"]
[BlackTeam "VSG 1880 Offenbach"]
[PlyCount "112"]
[WhiteFideId "34607803"]
[BlackFideId "16248708"]
[EventRounds "7"]
[EventType "team-swiss"]
[EventDate "2020.12.28"]

1. e4 {[%emt 0:00:06]} d5 {[%emt 0:00:03]} 2. exd5 {[%emt 0:00:02]} Qxd5 {
[%emt 0:00:02]} 3. Nc3 {[%emt 0:00:01]} Qd6 {[%emt 0:00:02]} 4. d4 {[%emt
0:00:18]} c6 {[%emt 0:00:10]} 5. Nf3 {[%emt 0:00:16]} Bg4 {[%emt 0:00:11]} 6.
Be2 { [%emt 0:00:03]} Nf6 {[%emt 0:00:53]} 7. O-O {[%emt 0:00:20]} Nbd7 {[%emt
0:00:06]} 8. Re1 {[%emt 0:00:50]} e6 {[%emt 0:00:07]} 9. g3 {[%emt 0:00:22]}
Be7 { [%emt 0:00:19]} 10. a3 {[%emt 0:00:27]} Qc7 {[%emt 0:00:39]} 11. Bf4
{[%emt 0:01:14]} Bd6 {[%emt 0:00:31]} 12. Bxd6 {[%emt 0:00:59]} Qxd6 {[%emt
0:00:03]} 13. Ne5 {[%emt 0:00:26]} Bh3 {[%emt 0:00:23]} 14. Bf3 {[%emt
0:00:58]} O-O { [%emt 0:00:16]} 15. Qd3 {[%emt 0:00:25]} Bf5 {[%emt 0:00:16]}
16. Qd2 {[%emt 0:00:48]} Nxe5 {[%emt 0:00:36]} 17. Rxe5 {[%emt 0:00:11]} Rad8
{[%emt 0:00:23]} 18. Rd1 {[%emt 0:01:45]} Rd7 {[%emt 0:00:16]} 19. Ne2 {[%emt
0:00:34]} Rfd8 { [%emt 0:00:35]} 20. c3 {[%emt 0:00:02]} Qxe5 {[%emt 0:00:45]}
21. dxe5 { [%emt 0:00:11]} Rxd2 {[%emt 0:00:09]} 22. Rxd2 {[%emt 0:00:01]} Rxd2
{[%emt 0:00:05]} 23. exf6 {[%emt 0:00:01]} gxf6 {[%emt 0:00:18]} 24. b4 {[%emt
0:00:14]} Ra2 {[%emt 0:00:19]} 25. Nd4 {[%emt 0:00:06]} Bd3 {[%emt 0:00:26]}
26. Kg2 { [%emt 0:00:07]} Rxa3 {[%emt 0:00:07]} 27. Kh3 {[%emt 0:00:04]} Rxc3
{[%emt 0:00:07]} 28. Bg4 {[%emt 0:00:02]} f5 {[%emt 0:00:12]} 29. Bh5 {[%emt
0:00:02]} e5 {[%emt 0:00:15]} 30. Nf3 {[%emt 0:00:01]} Bf1+ {[%emt 0:00:13]}
31. Kh4 { [%emt 0:00:03]} f6 {[%emt 0:00:25]} 32. h3 {[%emt 0:00:02]} Rc4+
{[%emt 0:00:15]} 33. g4 {[%emt 0:00:01]} Bd3 {[%emt 0:00:21]} 34. Nd2 {[%emt
0:00:02]} Rxb4 {[%emt 0:00:07]} 35. Kg3 {[%emt 0:00:02]} f4+ {[%emt 0:00:10]}
36. Kf3 { [%emt 0:00:01]} a5 {[%emt 0:00:18]} 37. Be8 {[%emt 0:00:03]} a4
{[%emt 0:00:07] } 38. Bd7 {[%emt 0:00:01]} a3 {[%emt 0:00:03]} 39. Be6+ {[%emt
0:00:01]} Kg7 { [%emt 0:00:06] .} 40. Nb3 {[%emt 0:00:06]} Bc2 {[%emt 0:00:12]}
41. Nd2 { [%emt 0:00:02]} b6 {[%emt 0:00:09]} 42. Ke2 {[%emt 0:00:01]} c5
{[%emt 0:00:03] } 43. Nf3 {[%emt 0:00:01]} Bb3 {[%emt 0:00:05]} 44. Kd2 {[%emt
0:00:01]} a2 { [%emt 0:00:02]} 45. Bxb3 {[%emt 0:00:01]} Rxb3 {[%emt 0:00:01]}
46. Kc2 { [%emt 0:00:01]} Ra3 {[%emt 0:00:05]} 47. Kb2 {[%emt 0:00:01]} a1=Q+
{[%emt 0:00:02]} 48. Kc2 {[%emt 0:00:01]} Qa2+ {[%emt 0:00:04]} 49. Kd1 {[%emt
0:00:02]} Rd3+ {[%emt 0:00:04]} 50. Ke1 {[%emt 0:00:01]} Rb3 {[%emt 0:00:07]}
51. Kf1 { [%emt 0:00:01]} Rb1+ {[%emt 0:00:04]} 52. Kg2 {[%emt 0:00:01]} Qe2
{[%emt 0:00:04]} 53. Ng1 {[%emt 0:00:01]} Qe4+ {[%emt 0:00:03]} 54. Nf3 {[%emt
0:00:01]} Qd3 {[%emt 0:00:01]} 55. Ng1 {[%emt 0:00:02]} Qd1 {[%emt 0:00:01]}
56. f3 { [%emt 0:00:01]} Qxg1# {[%emt 0:00:01]} 0-1

[Event "DSJ Weihnachtsturnier U16: Steinitz 2020"]
[Site ""]
[Date "2020.12.28"]
[Round "5"]
[White "Eilenberg, Jonas"]
[Black "Wehrstedt, Raphael"]
[Result "1-0"]
[Termination "normal"]
[Board "6.1"]
[WhiteElo "2155"]
[BlackElo "1592"]
[WhiteTeam "SV Königsjäger Süd-West"]
[BlackTeam "SK Johanneum Eppendorf"]
[PlyCount "55"]
[WhiteFideId "16204271"]
[BlackFideId "34613781"]
[EventRounds "7"]
[EventType "team-swiss"]
[EventDate "2020.12.28"]

1. d4 {[%emt 0:00:05]} Nf6 {[%emt 0:00:06]} 2. c4 {[%emt 0:00:03]} g6 {[%emt
0:00:02]} 3. Nc3 {[%emt 0:00:04]} Bg7 {[%emt 0:00:02]} 4. e4 {[%emt 0:00:04]}
d6 {[%emt 0:00:05]} 5. Be2 {[%emt 0:00:03]} O-O {[%emt 0:00:03]} 6. Be3 {[%emt
0:00:04]} Nbd7 {[%emt 0:00:17]} 7. g4 {[%emt 0:00:42]} c5 {[%emt 0:00:53]} 8.
d5 {[%emt 0:00:02]} Ne5 {[%emt 0:00:08]} 9. g5 {[%emt 0:00:04]} Nfg4 {[%emt
0:00:07]} 10. Bc1 {[%emt 0:00:31]} Nxf2 {[%emt 0:03:26]} 11. Kxf2 {[%emt
0:00:06]} f6 {[%emt 0:00:24]} 12. Ke1 {[%emt 0:00:40]} fxg5 {[%emt 0:01:27]}
13. Bxg5 { [%emt 0:00:03]} Qe8 {[%emt 0:00:07]} 14. Qd2 {[%emt 0:00:07]} Qf7
{[%emt 0:00:08]} 15. Kd1 {[%emt 0:00:14]} Bg4 {[%emt 0:01:47]} 16. Kc2 {[%emt
0:00:08]} Nf3 {[%emt 0:01:04]} 17. Nxf3 {[%emt 0:00:16]} Bxf3 {[%emt 0:00:00]}
18. Rhf1 { [%emt 0:00:05]} Bxc3 {[%emt 0:00:19]} 19. Qxc3 {[%emt 0:00:07]}
Bxe4+ {[%emt 0:00:03]} 20. Kb3 {[%emt 0:00:12]} Qe8 {[%emt 0:00:09]} 21. Bh6
{[%emt 0:00:11]} Qa4+ {[%emt 0:00:05] '} 22. Kxa4 {[%emt 0:00:05]} b5+ {[%emt
0:00:02]} 23. cxb5 {[%emt 0:00:03]} Bc2+ {[%emt 0:00:01]} 24. Qxc2 {[%emt
0:00:04]} a6 {[%emt 0:00:02]} 25. b6 {[%emt 0:00:09]} Rfb8 {[%emt 0:00:02]} 26.
Qc3 {[%emt 0:00:05]} e5 {[%emt 0:00:01]} 27. dxe6 {[%emt 0:00:02]} Rxb6 {[%emt
0:00:02]} 28. Qg7# { [%emt 0:00:01]} 1-0